New dynamics in Latin America - EU - USA relations

Veľké zmeny vo vzťahoch medzi Európou a Amerikou. Pozícia Latinskej Ameriky, snaha o modernizáciu multilaterálnych vzťahov. Latinská Amerika hľadá model menšej závislosti na USA a Európe. Transatlantický systém, latinskoamerický systém, vnútroamerický systém, euro-latinskoamerický systém, iberoameri...

Description complète

Enregistré dans:
Détails bibliographiques
Auteur principal: Šabo, Marián
Format: Chapitre de livre
Langue:anglais
Sujets:
Tags: Ajouter un tag
Pas de tags, Soyez le premier à ajouter un tag!

MARC

LEADER 00000nla$a2200000$$$4500
001 0142464
005 20240502072543.7
041 0 |a eng 
044 |a SK 
245 1 0 |a New dynamics in Latin America - EU - USA relations  |c Marián Šabo 
520 |a Veľké zmeny vo vzťahoch medzi Európou a Amerikou. Pozícia Latinskej Ameriky, snaha o modernizáciu multilaterálnych vzťahov. Latinská Amerika hľadá model menšej závislosti na USA a Európe. Transatlantický systém, latinskoamerický systém, vnútroamerický systém, euro-latinskoamerický systém, iberoamerický systém. 
610 2 0 |a spolupráca medzinárodná 
610 2 0 |a vzťahy medzinárodné 
610 2 0 |a regióny 
610 2 0 |a Latinská Amerika 
610 2 0 |a Európa 
610 2 0 |a USA 
100 1 |a Šabo, Marián